Villes du Grand-Est par zoom sur Maps - Statistiques

Statistiques générales
  • Ce quiz a été pris 96 fois
  • Le résultat moyen est 18 sur 32
Statistiques - réponses
ZOOM Ville % Correct
1 ZOOM 67 Strasbourg
98%
2 ZOOM 57 Metz
95%
2 ZOOM 54 Nancy
94%
2 ZOOM 51 Reims
91%
4 ZOOM 68 Colmar
88%
2 ZOOM 68 Mulhouse
86%
2 ZOOM 10 Troyes
80%
3 ZOOM 88 Épinal
74%
3 ZOOM 51 Châlons-en-Champagne
66%
4 ZOOM 08 Charleville-Mézières
65%
3 ZOOM 55 Verdun
64%
3 ZOOM 57 Thionville
63%
3 ZOOM 52 Chaumont
62%
3 ZOOM 55 Bar-le-Duc
60%
3 ZOOM 88 Saint-Dié-des-Vosges
59%
3 ZOOM 08 Sedan
55%
3 ZOOM 54 Lunéville
51%
3 ZOOM 52 Saint-Dizier
50%
3 ZOOM 54 Toul
50%
3 ZOOM 52 Langres
49%
3 ZOOM 57 Forbach
45%
4 ZOOM 88 Gérardmer
41%
3 ZOOM 67 Sélestat
37%
3 ZOOM 51 Vitry-le-François
35%
3 ZOOM 10 Bar-sur-Aube
34%
3 ZOOM 88 Neufchâteau
33%
3 ZOOM 88 Vittel
33%
3 ZOOM 08 Rethel
31%
3 ZOOM 88 Mirecourt
22%
3 ZOOM 51 Sainte-Menehould
17%
3 ZOOM 10 Romilly-sur-Seine
15%
3 ZOOM 51 Sézanne
12%
Aucun quiz correspondant
Distribution des résultats
% des personnes avec chaque résultat
Percentile par nombre de réponses
Votre historique - résultats
Vous n’avez pas pris ce quiz